| 000 | 01029nam a2200229Ia 4500 | ||
|---|---|---|---|
| 001 | 18203 | ||
| 005 | 20260408122842.0 | ||
| 008 | 260306s9999||||xx |||||||||||||| ||und|| | ||
| 041 | _aESP | ||
| 082 |
_a658.4012 _bT48 2018 |
||
| 100 |
_aThompson, Arthur A. _eAUT |
||
| 245 | 0 |
_aAdministración estratégica: _bteoría y casos |
|
| 260 | _c2018 | ||
| 300 |
_axiii, 613 páginas : _c27 cm. |
||
| 650 | _aGEN | ||
| 654 | _aCAN | ||
| 856 |
_uhttps://itmsp.museknowledge.com/UCSP?url=https://www.ebooks7-24.com:443/?il=6250&pg=1 _zVersión digital |
||
| 856 |
_uhttps://0u213vmex-y-https-ebooks7--24-com.itmsp.museknowledge.com/biblioteca.aspx _zVéase además: Base de datos Ebook7-24 |
||
| 856 |
_uhttps://0u20fvmf1-y-https-research-ebsco-com.itmsp.museknowledge.com/c/qxo6us/search _zVéase además: Base de datos EBSCOhost |
||
| 856 |
_uhttps://0u20vvmf7-y-https-ebookcentral-proquest-com.itmsp.museknowledge.com/lib/catolicasp/home.action _zVéase además: Base de datos ProQuest Ebook Central |
||
| 942 |
_cLIB _dJUS _fJUS _2ddc |
||
| 999 |
_c18203 _d18203 |
||